Botanics targets and therapy.

"An international, peer-reviewed, open access journal focusing on the discovery and development of active compounds based upon or found naturally occurring in the plant kingdom that may have therapeutic potential in any disease state."

Detalles Bibliográficos
Formato: Electrónico Revista
Lenguaje:inglés
Publicado: [Auckland, NZ] : Dove Medical Press, [2011]-
Materias:
Acceso en línea:Full text available from Research Library: 01/01/2011 to 01/31/2016

MARC

LEADER 00000nas a2200000 a 4500
001 ssj0000579175
003 WaSeSS
005 20200512172242.0
006 m d
007 cr n
008 120104c20119999nz ar p s 0 a0eng c
010 |a  2012254597 
016 7 |a 101676780  |2 DNLM 
022 |a 1179-9897  |l 1179-9897 
035 |a (WaSeSS)ssj0000579175 
040 |a FQM  |b eng  |c FQM  |d CUV  |d OCLCF  |d CUS  |d OCLCO  |d EUW  |d OCLCO  |d OCLCQ  |d OCLCO  |d NLM  |d OCLCO  |d CUS  |d WT2  |d OCLCO  |d OCLCQ  |d OCLCA  |d OCLCQ  |d AU@  |d OCLCA  |d OCLCQ  |d SFB  |d OCLCQ  |d WaSeSS 
042 |a pcc 
050 1 4 |a QK1 
060 0 0 |a W1 
060 4 |a INTERNET 
210 1 0 |a Botanics  |2 dnlm 
210 0 |a Botanics 
222 0 |a Botanics 
245 0 0 |a Botanics  |h [electronic resource] :  |b targets and therapy. 
246 3 0 |a BTAT 
260 |a [Auckland, NZ] :  |b Dove Medical Press,  |c [2011]- 
310 |a Annual 
362 1 |a Began with vol. 1 (2011). 
506 |a License restrictions may limit access. 
515 |a Articles added as received to annual volume in progress. 
516 |a Articles in PDF and HTML format. 
520 |a "An international, peer-reviewed, open access journal focusing on the discovery and development of active compounds based upon or found naturally occurring in the plant kingdom that may have therapeutic potential in any disease state." 
538 |a System requirements: Adobe acrobat reader. 
588 0 |a Vol. 1 (2011); title from PDF caption (publisher's Web site, viewed Jan. 3, 2012). 
588 1 |a Vol. 1 (2011) (viewed Jan. 3, 2012). 
650 0 |a Botany  |v Periodicals. 
650 0 |a Botany, Medical  |v Periodicals. 
650 0 |a Plants  |x Therapeutic use  |v Periodicals. 
650 1 2 |a Herbal Medicine. 
650 1 2 |a Phytotherapy. 
650 1 2 |a Plants, Medicinal. 
650 7 |a Botany.  |2 fast  |0 (OCoLC)fst00836869 
650 7 |a Botany, Medical.  |2 fast  |0 (OCoLC)fst00836961 
650 7 |a Plants  |x Therapeutic use.  |2 fast  |0 (OCoLC)fst01066102 
655 0 |a Electronic journals. 
856 4 0 |z Full text available from Research Library: 01/01/2011 to 01/31/2016  |u https://search.proquest.com/publication/3933198